000
00417nam a22001337a 4500
003
MACL
005
20200806131953.0
008
200806b xxu||||| |||| 00| 0 eng d
040
_c
MACL
100
_a
सिंह,डॉ अनिरूद्ध
_9
79306
245
_a
विज्ञान का इतिहास
260
_a
दिल्ली
_b
विक्रम बुक्स
_c
2016
942
_2
ddc
_c
HIN
999
_c
62876
_d
62876